LEADER 01286nam0-22003131i-450- 001 990005769070403321 005 20131205171017.0 035 $a000576907 035 $aFED01000576907 035 $a(Aleph)000576907FED01 035 $a000576907 100 $a19990604d1906----km-y0itay50------ba 101 0 $aita 102 $aIT 105 $aaf------10--- 200 1 $aContributi alla storia di Asti nel Medio Evo$ele torri, le case-forti ed i palazzi nobili medievali in Asti$a<>Atti della Società del popolo in Asti dal 1312 al 1323 e gli statuti della Società dei militi del 1339$fN. Gabiani e F. Gabotto 210 $aPinerolo$c[s.n.]$d1906$eAsti$gTipografia Brignolo 215 $aVIII, 516 p., 3 tav.$cill.$d27 cm 225 1 $aBiblioteca della Società storica subalpina$v33 700 1$aGabiani,$bNiccola$f<1858-1940>$0220198 701 1$aGabotto,$bFerdinando$f<1866-1918>$0179652 801 0$aIT$bUNINA$gRICA$2UNIMARC 901 $aBK 912 $a990005769070403321 952 $aGLOTT. B - VII - d - 73$bIST.GLOTT. S.I.$fNAP03 959 $aNAP03 996 $aAtti della Società del popolo in Asti dal 1312 al 1323 e gli statuti della Società dei militi del 1339$9570930 996 $aContributi alla storia di Asti nel Medio Evo$9570929 997 $aUNINA LEADER 01995nam 2200445 450 001 000016887 005 20050718115600.0 100 $a20031031d1985----km-y0itay0103----ba 101 0 $aita 102 $aIT 200 1 $aBiblioteca matematica italiana$edalla origine della stampa ai primi anni del secolo XIX$gcon nota introduttiva di Pierluigi Pizzamiglio 210 $aSala Bolognese$cArnaldo Forni 215 $a2 v.$d25 cm. 300 $aIl vol. 1. è la ripr. facs. dell'ed.: Modena : Tip. dell'erede Soliani, 1870 300 $aIl vol. 2. è la ripr. facs. dell'ed.: Modena : Società tipografica modenese, 1878-1893 327 1 $a1. - stampa 1985. - VI, 676 col. 327 1 $a2. - stampa 1985. - 1 v. (varie sequenze), 1 c. di tav 606 $aMatematica$xBibliografia italiana$zSec. 15.-19. 676 $a016.51$v(21. ed.)$9Bibliografie e cataloghi di discipline soggetti specifici. Matematica 700 1$aRiccardi,$bPietro$0309535 801 0$aIT$bUniversità della Basilicata - B.I.A.$gRICA$2unimarc 912 $a000016887 996 $aBiblioteca matematica italiana$981877 997 $aUNIBAS BAS $aMONSCI BAS $aSCIENZE CAT $aSTD031$b01$c20031031$lBAS01$h1206 CAT $aSTD031$b01$c20031031$lBAS01$h1219 CAT $aSTD031$b01$c20031031$lBAS01$h1220 CAT $aTORRE$b20$c20031103$lBAS01$h1237 CAT $aTORRE$b20$c20031103$lBAS01$h1243 CAT $aTORRE$b20$c20031103$lBAS01$h1250 CAT $c20050601$lBAS01$h1756 CAT $abatch$b01$c20050718$lBAS01$h1053 CAT $c20050718$lBAS01$h1112 CAT $c20050718$lBAS01$h1142 CAT $c20050718$lBAS01$h1156 FMT Z30 -1$lBAS01$LBAS01$mBOOK$1BASA2$APolo Tecnico-Scientifico$2DID$BDidattica$3PTS.s3.p30.28$6100988$5T100988$820031031$b1$eVI, 676 col.$f98$FConsultazione Z30 -1$lBAS01$LBAS01$mBOOK$1BASA2$APolo Tecnico-Scientifico$2DID$BDidattica$3PTS.s3.p30.29$6100989$5T100989$820031031$b2$e1 v. (varie sequenze)$f98$FConsultazione